[Event "Budapest FS03 FM"]
[Site "Budapest"]
[Date "2016.03.14"]
[Round "9"]
[White "Pesola, Jyrki"]
[Black "Barasiant, Mariana"]
[Result "0-1"]
[WhiteElo "1944"]
[BlackElo "1943"]
[PlyCount "70"]
[EventDate "2016.03.05"]
[EventType "tourn"]
[EventRounds "9"]
[EventCountry "HUN"]
[SourceTitle "CBM 171 Extra"]
[Source "ChessBase"]
[SourceDate "2016.04.26"]
[SourceVersion "1"]
[SourceVersionDate "2016.04.26"]
[SourceQuality "1"]

1. e4 c6 2. d4 d5 3. Nc3 dxe4 4. Nxe4 Bf5 5. Ng3 Bg6 6. h4 h6 7. Nf3 Nd7 8. h5 Bh7 9. Bd3 Bxd3 10. Qxd3 e6 11. Bd2 Ngf6 12. c4 Be7 13. 0-0-0 0-0 14. Kb1 Qc7 15. Bc3 Rfd8 16. Qe2 b5 17. cxb5 cxb5 18. Qxb5 Rab8 19. Qa5 Qc6 20. Rc1 Rb5 21. Bd2 Qb7 22. Qc3 Nd5 23. Qc2 Ba3 24. b3 Bxc1 25. Rxc1 a5 26. Ka1 N7f6 27. Ne5 Rb8 28. Qc6 Qa7 29. Qc4 Ne7 30. Ne2 Nfd5 31. g4 R5b7 32. Qc5 Rc8 33. Qxa5 Rxc1+ 34. Nxc1 Qxd4+ 35. Kb1 Qxe5 0-1

[Event "Budapest FS03 FM"]
[Site "Budapest"]
[Date "2016.03.12"]
[Round "7"]
[White "Kaibinger, Karoly"]
[Black "Barasiant, Mariana"]
[Result "0-1"]
[WhiteElo "1908"]
[BlackElo "1943"]
[PlyCount "78"]
[EventDate "2016.03.05"]
[EventType "tourn"]
[EventRounds "9"]
[EventCountry "HUN"]
[SourceTitle "CBM 171 Extra"]
[Source "ChessBase"]
[SourceDate "2016.04.26"]
[SourceVersion "1"]
[SourceVersionDate "2016.04.26"]
[SourceQuality "1"]

1. e4 c6 2. d4 d5 3. exd5 cxd5 4. c4 Nf6 5. Nc3 e6 6. Be3 Nc6 7. c5 Be7 8. Nf3 0-0 9. Qb3 b6 10. Qa4 Bd7 11. Bb5 Qc7 12. b4 a6 13. Bxc6 Bxc6 14. Qc2 Nd7 15. 0-0 bxc5 16. dxc5 e5 17. Bg5 f6 18. Bh4 Qb7 19. Qb3 Kh8 20. Rfe1 Rab8 21. Rad1 d4 22. Nxd4 Nxc5 23. bxc5 exd4 24. Qxb7 Rxb7 25. Rxd4 Rc8 26. Bg3 Bxc5 27. Rc4 Bd7 28. Rce4 Bb4 29. Rxb4 Rxb4 30. Nd5 Re4 31. Rb1 Bf5 32. Ra1 Re2 33. Ne3 Bd3 34. h3 h6 35. Rd1 Bb5 36. a3 Ra2 37. Bd6 Ba4 38. Rb1 Rd8 39. Nf5 Bc2 0-1

[Event "Budapest FS03 FM"]
[Site "Budapest"]
[Date "2016.03.09"]
[Round "5"]
[White "Barasiant, Mariana"]
[Black "Egeto, Janos Lehel"]
[Result "1-0"]
[WhiteElo "1943"]
[BlackElo "2026"]
[PlyCount "73"]
[EventDate "2016.03.05"]
[EventType "tourn"]
[EventRounds "9"]
[EventCountry "HUN"]
[SourceTitle "CBM 171 Extra"]
[Source "ChessBase"]
[SourceDate "2016.04.26"]
[SourceVersion "1"]
[SourceVersionDate "2016.04.26"]
[SourceQuality "1"]

1. d4 Nf6 2. Nf3 d5 3. c4 e6 4. Nc3 c6 5. cxd5 exd5 6. Bg5 Be7 7. e3 Bf5 8. Qb3 Qb6 9. Nd2 Nbd7 10. Be2 0-0 11. 0-0 Bd6 12. Rac1 Rfe8 13. Bh4 Ne4 14. Ncxe4 Bxe4 15. Bg3 Bxg3 16. hxg3 Nf6 17. Qc3 Bf5 18. b4 Re6 19. a4 Rae8 20. b5 Qd8 21. bxc6 Rxc6 22. Qa3 Qd6 23. Qxd6 Rxd6 24. Rc7 Rb6 25. Bb5 Rd8 26. Rfc1 a6 27. Bf1 Rb2 28. Nf3 Ne4 29. Ne5 Be6 30. Nd3 Rb3 31. Nf4 Rb4 32. Nxe6 fxe6 33. Re7 Nd6 34. Rcc7 Nf5 35. Rxe6 Rf8 36. g4 Ng3 37. Ree7 1-0

[Event "Budapest FS03 FM"]
[Site "Budapest"]
[Date "2016.03.06"]
[Round "2"]
[White "Pajeken, Jakob Leon"]
[Black "Barasiant, Mariana"]
[Result "1-0"]
[WhiteElo "2025"]
[BlackElo "1943"]
[PlyCount "67"]
[EventDate "2016.03.05"]
[EventType "tourn"]
[EventRounds "9"]
[EventCountry "HUN"]
[SourceTitle "CBM 171 Extra"]
[Source "ChessBase"]
[SourceDate "2016.04.26"]
[SourceVersion "1"]
[SourceVersionDate "2016.04.26"]
[SourceQuality "1"]

1. e4 c6 2. d4 d5 3. Nd2 dxe4 4. Nxe4 Bf5 5. Ng3 Bg6 6. h4 h6 7. Nf3 Nd7 8. h5 Bh7 9. Bd3 Bxd3 10. Qxd3 Ngf6 11. Bd2 e6 12. 0-0-0 Bd6 13. Ne4 Nxe4 14. Qxe4 Nf6 15. Qe2 Qc7 16. g4 0-0-0 17. Ne5 c5 18. Bf4 Nd7 19. Kb1 Bxe5 20. Bxe5 Nxe5 21. dxe5 Rxd1+ 22. Rxd1 Rd8 23. Rxd8+ Qxd8 24. c3 Qd5 25. Kc2 a6 26. Qe3 c4 27. Qd4 Qxd4 28. cxd4 b5 29. f4 Kd7 30. f5 f6 31. Kc3 fxe5 32. dxe5 exf5 33. gxf5 Kc6 34. Kb4 1-0

[Event "Budapest FS03 FM"]
[Site "Budapest"]
[Date "2016.03.05"]
[Round "1"]
[White "Barasiant, Mariana"]
[Black "Afshar, Niusha"]
[Result "1/2-1/2"]
[WhiteElo "1943"]
[BlackElo "1937"]
[PlyCount "59"]
[EventDate "2016.03.05"]
[EventType "tourn"]
[EventRounds "9"]
[EventCountry "HUN"]
[SourceTitle "CBM 171 Extra"]
[Source "ChessBase"]
[SourceDate "2016.04.26"]
[SourceVersion "1"]
[SourceVersionDate "2016.04.26"]
[SourceQuality "1"]

1. d4 Nf6 2. Nf3 e6 3. c4 d5 4. Nc3 c6 5. cxd5 exd5 6. Qc2 Bg4 7. Ne5 Bh5 8. Bg5 Be7 9. e3 Nfd7 10. Bxe7 Qxe7 11. Nxd7 Nxd7 12. Bd3 Qg5 13. f4 Qe7 14. Qf2 0-0 15. 0-0 f5 16. Rac1 Qe6 17. e4 fxe4 18. Nxe4 Bg6 19. Ng5 Qf6 20. Bxg6 Qxg6 21. Qd2 Qf5 22. Qb4 Nb6 23. Rce1 Rae8 24. Re7 Rxe7 25. Qxe7 Qd7 26. Qe6+ Qxe6 27. Nxe6 Re8 28. Nc5 Re7 29. b3 Nc8 30. g3 1/2-1/2

[Event "Lisbon Christmas op"]
[Site "Lisbon"]
[Date "2014.12.27"]
[Round "3"]
[White "Barasiant, Mariana"]
[Black "Silva, Mariana Sofia Teixe"]
[Result "1-0"]
[WhiteElo "1942"]
[BlackElo "1726"]
[PlyCount "137"]
[EventDate "2014.12.26"]
[EventType "swiss"]
[EventRounds "9"]
[EventCountry "POR"]
[SourceTitle "EXT 2018"]
[Source "ChessBase"]
[SourceDate "2017.10.13"]
[SourceVersion "1"]
[SourceVersionDate "2017.10.13"]
[SourceQuality "1"]

1. d4 Nf6 2. Nf3 g6 3. c4 Bg7 4. Nc3 d6 5. e4 0-0 6. Be2 e5 7. 0-0 Nc6 8. dxe5 dxe5 9. Bg5 Qxd1 10. Raxd1 h6 11. Bxf6 Bxf6 12. Nd5 Bd8 13. b4 Bg4 14. Rd2 Bxf3 15. Bxf3 Nd4 16. Ne3 Bg5 17. Rd3 h5 18. c5 Nxf3+ 19. gxf3 Rad8 20. Rfd1 Rxd3 21. Rxd3 Rd8 22. Rd5 Rxd5 23. exd5 b5 24. d6 c6 25. a4 a6 26. a5 Kf8 27. Kf1 Ke8 28. Ke2 Kd7 29. Ng2 Bc1 30. Ne1 Bf4 31. h3 Bh6 32. Nd3 Bg7 33. f4 exf4 34. Nxf4 Bc3 35. Nd3 g5 36. f4 f6 37. fxg5 fxg5 38. Kf3 Ke6 39. Ke4 Bf6 40. Ne1 Bc3 41. Nc2 Bf6 42. Nd4+ Kd7 43. Ne2 Ke6 44. Kd3 Be5 45. Nd4+ Kd7 46. Nf3 Bf6 47. Nd2 Ke6 48. Ne4 Bd8 49. Kd4 g4 50. hxg4 hxg4 51. Ke3 Bh4 52. Nc3 Be1 53. Na2 g3 54. Kf3 Kd7 55. Kg2 Ke6 56. Kf1 Bd2 57. Ke2 Bf4 58. Kf3 Be5 59. Nc1 Bc3 60. Nd3 Kd7 61. Kxg3 Ke6 62. Kf4 Bd2+ 63. Kf3 Bc3 64. Ke4 Bg7 65. Nf4+ Kd7 66. Kf5 Bf8 67. Kf6 Bxd6 68. cxd6 Kxd6 69. Nd3 1-0

[Event "Lisbon Christmas op"]
[Site "Lisbon"]
[Date "2014.12.27"]
[Round "2"]
[White "Berry, Neil"]
[Black "Barasiant, Mariana"]
[Result "1-0"]
[WhiteElo "2225"]
[BlackElo "1942"]
[PlyCount "45"]
[EventDate "2014.12.26"]
[EventType "swiss"]
[EventRounds "9"]
[EventCountry "POR"]
[SourceTitle "EXT 2018"]
[Source "ChessBase"]
[SourceDate "2017.10.13"]
[SourceVersion "1"]
[SourceVersionDate "2017.10.13"]
[SourceQuality "1"]

1. d4 d5 2. c4 e6 3. Nc3 Nf6 4. cxd5 exd5 5. Bg5 Be7 6. e3 c6 7. Bd3 Nbd7 8. Qc2 h6 9. Bh4 0-0 10. Nge2 Re8 11. 0-0 Nf8 12. f3 c5 13. Bxf6 Bxf6 14. dxc5 Rxe3 15. Rad1 Re5 16. Be4 d4 17. Rxd4 Qa5 18. b4 Qa3 19. Nd5 Ne6 20. Rd3 Qa6 21. Nxf6+ gxf6 22. a4 Rb8 23. Ng3 1-0

[Event "Cap Aurora op"]
[Site "Cap Aurora"]
[Date "2014.06.21"]
[Round "1"]
[White "Barasiant, Mariana"]
[Black "Nevednichy, Vladislav"]
[Result "0-1"]
[WhiteElo "1926"]
[BlackElo "2553"]
[PlyCount "60"]
[EventDate "2014.06.21"]
[EventType "swiss"]
[EventRounds "9"]
[EventCountry "ROU"]
[SourceTitle "CBM 161 Extra"]
[Source "ChessBase"]
[SourceDate "2014.08.29"]
[SourceVersion "1"]
[SourceVersionDate "2014.08.29"]
[SourceQuality "1"]

1. d4 g6 2. Nf3 Bg7 3. c4 c5 4. d5 d6 5. Nc3 Nf6 6. e4 0-0 7. h3 e6 8. Bd3 exd5 9. cxd5 b5 10. Nxb5 Re8 11. 0-0 Nxe4 12. Re1 a6 13. Na3 Nf6 14. Rxe8+ Nxe8 15. Bg5 f6 16. Bf4 Nd7 17. Qc2 Nb6 18. Re1 Kf8 19. Qd2 Ra7 20. Qa5 Qc7 21. Nc4 Nxc4 22. Qxc7 Rxc7 23. Bxc4 Re7 24. Kf1 h6 25. b3 f5 26. Rxe7 Kxe7 27. Ke2 Nc7 28. Bd2 Bb7 29. b4 cxb4 30. Bxb4 Nxd5 0-1

[Event "Golden Sands Europe op 3rd"]
[Site "Golden Sands"]
[Date "2014.06.10"]
[Round "1"]
[White "Skomorokhin, Roman"]
[Black "Barasiant, Mariana"]
[Result "1-0"]
[WhiteElo "2372"]
[BlackElo "1926"]
[PlyCount "47"]
[EventDate "2014.06.10"]
[EventType "swiss"]
[EventRounds "9"]
[EventCountry "BUL"]
[SourceTitle "CBM 160 Extra"]
[Source "ChessBase"]
[SourceDate "2014.07.01"]
[SourceVersion "1"]
[SourceVersionDate "2014.07.01"]
[SourceQuality "1"]

1. d4 Nf6 2. c4 g6 3. Nc3 Bg7 4. e4 d6 5. Be2 0-0 6. Nf3 Nbd7 7. 0-0 c6 8. Re1 e5 9. Bf1 Re8 10. Rb1 exd4 11. Nxd4 Nc5 12. f3 Nh5 13. Be3 Ne6 14. Qd2 Nxd4 15. Bxd4 Be5 16. Rbd1 Qf6 17. Be3 Nf4 18. Kh1 g5 19. g3 Ne6 20. Bg2 h6 21. Rf1 Nc5 22. Ne2 Bxb2 23. Rb1 Na4 24. Qb4 1-0

[Event "Iasi op"]
[Site "Iasi"]
[Date "2014.05.14"]
[Round "5"]
[White "Barasiant, Mariana"]
[Black "Sava, Catalin"]
[Result "1/2-1/2"]
[WhiteElo "1918"]
[BlackElo "2150"]
[PlyCount "70"]
[EventDate "2014.05.10"]
[EventType "swiss"]
[EventRounds "9"]
[EventCountry "ROU"]
[SourceTitle "CBM 160 Extra"]
[Source "ChessBase"]
[SourceDate "2014.07.01"]
[SourceVersion "1"]
[SourceVersionDate "2014.07.01"]
[SourceQuality "1"]

1. d4 d5 2. c4 e6 3. Nc3 Nf6 4. Bg5 Be7 5. e3 0-0 6. Nf3 b6 7. cxd5 exd5 8. Bd3 Bb7 9. 0-0 Nbd7 10. Rc1 Ne4 11. Bxe7 Qxe7 12. Bb1 Ndf6 13. Nxe4 dxe4 14. Nd2 Bd5 15. Qc2 Rac8 16. f3 exf3 17. e4 Bb7 18. e5 g6 19. exf6 Qe3+ 20. Rf2 c5 21. Nf1 Qxd4 22. Qc3 Qg4 23. Qe3 Qh4 24. gxf3 Qxf6 25. Ng3 Rfe8 26. Ne4 Qh4 27. Qc3 Re6 28. Bd3 c4 29. Bb1 f5 30. Nd2 b5 31. Nf1 Rce8 32. Qd2 Rd8 33. Qc3 Rde8 34. Qd2 Rd8 35. Qc3 Rde8 1/2-1/2

[Event "MDA-ch (Women)"]
[Site "Kishinev"]
[Date "2014.02.15"]
[Round "6"]
[White "Barasiant, Mariana"]
[Black "Strasevici, Ana"]
[Result "1-0"]
[WhiteElo "1966"]
[BlackElo "1475"]
[PlyCount "91"]
[EventDate "2014.02.10"]
[EventType "tourn"]
[EventRounds "11"]
[EventCountry "MDA"]
[SourceTitle "CBM 158 Extra"]
[Source "ChessBase"]
[SourceDate "2014.02.28"]
[SourceVersion "1"]
[SourceVersionDate "2014.02.28"]
[SourceQuality "1"]

1. d4 Nf6 2. Nf3 g6 3. c4 Bg7 4. Nc3 0-0 5. e4 d6 6. Be2 Nbd7 7. 0-0 c5 8. d5 Ne8 9. Qc2 Ne5 10. Ne1 f5 11. f4 Ng4 12. Nf3 e5 13. dxe6 Bxe6 14. exf5 Bxf5 15. Qd2 a6 16. Qd5+ Kh8 17. Qxb7 Nef6 18. Ng5 Qe8 19. Qf3 Nh6 20. h3 Nhg8 21. g4 Bd7 22. Qg2 h6 23. Nge4 Bc6 24. Bf3 Nxe4 25. Nxe4 Bd4+ 26. Kh2 Qe6 27. Nxc5 dxc5 28. Bxc6 Rab8 29. Bd5 Qf6 30. Rb1 Ne7 31. Be4 Nc8 32. b3 Kh7 33. Bb2 Bxb2 34. Qxb2 Qxb2+ 35. Rxb2 Nd6 36. Bd5 a5 37. Re2 Rfe8 38. Rxe8 Rxe8 39. Rf2 Ne4 40. Re2 Nf6 41. Rxe8 Nxe8 42. Kg3 Kg7 43. Kf3 Kf6 44. Be4 Nd6 45. Bd3 Kf7 46. h4 1-0

[Event "EU-ch U16 Girls"]
[Site "Chalkidiki"]
[Date "2000.10.04"]
[Round "3"]
[White "Barasiant, Mariana"]
[Black "Maiko, Julia"]
[Result "0-1"]
[WhiteElo "2038"]
[BlackElo "2189"]
[PlyCount "40"]
[EventDate "2000.10.02"]
[EventType "swiss"]
[EventRounds "9"]
[EventCountry "GRE"]
[SourceTitle "CBM 078 Extra"]
[Source "ChessBase"]
[SourceDate "2000.11.10"]
[SourceVersion "1"]
[SourceVersionDate "2000.11.10"]
[SourceQuality "1"]

1. d4 Nf6 2. Nf3 e6 3. c4 d5 4. Nc3 Nbd7 5. cxd5 exd5 6. Bg5 c6 7. e3 Be7 8. Bd3 0-0 9. 0-0 Re8 10. Rb1 Nf8 11. Qc2 Ng6 12. b4 Ne4 13. Bxe7 Qxe7 14. b5 Bg4 15. Nd2 Nxd2 16. Qxd2 Nh4 17. Ne2 Bh3 18. Qc2 Bxg2 19. Rfc1 Qe6 20. Ng3 Qh3 0-1

[Event "EU-ch U16 Girls"]
[Site "Litohoto"]
[Date "1999.09.08"]
[Round "6"]
[White "Mamedjarova, Zeinab"]
[Black "Barasiant, Mariana"]
[Result "1-0"]
[WhiteElo "2162"]
[BlackElo "2070"]
[PlyCount "69"]
[EventDate "1999.09.03"]
[EventType "swiss"]
[EventRounds "9"]
[EventCountry "GRE"]
[SourceTitle "CBM 072 Extra"]
[Source "ChessBase"]
[SourceDate "1999.11.18"]
[SourceVersion "1"]
[SourceVersionDate "1999.11.18"]
[SourceQuality "1"]

1. d4 d5 2. Nf3 e6 3. Bf4 Bd6 4. Bg3 Nf6 5. e3 0-0 6. Bd3 c5 7. c3 Nc6 8. Nbd2 b6 9. 0-0 Bb7 10. Ne5 Bxe5 11. dxe5 Nd7 12. Nf3 f6 13. exf6 Nxf6 14. Ng5 Qe7 15. e4 h6 16. exd5 exd5 17. Re1 Qd7 18. Ne6 Rfe8 19. Bf5 Qe7 20. f3 Qf7 21. Nc7 Kh8 22. Nxe8 Rxe8 23. Rxe8+ Qxe8 24. Qe1 Qh5 25. Bd3 d4 26. Qe6 dxc3 27. bxc3 Qd5 28. Bc4 Qxe6 29. Bxe6 Ne7 30. Rd1 Bd5 31. Bxd5 Nexd5 32. Be5 c4 33. a4 a6 34. Bxf6 Nxf6 35. Rd6 1-0

[Event "Bucharest TIT (Women)"]
[Site "Bucharest"]
[Date "1999.03.18"]
[Round "15"]
[White "Barasiant, Mariana"]
[Black "Andreescu, Aurora Nicoleta"]
[Result "0-1"]
[WhiteElo "2057"]
[BlackElo "2118"]
[PlyCount "86"]
[EventDate "1999.03.04"]
[EventType "tourn"]
[EventRounds "15"]
[EventCountry "ROU"]
[SourceTitle "CBM 069 Extra"]
[Source "ChessBase"]
[SourceDate "1999.05.10"]
[SourceVersion "1"]
[SourceVersionDate "1999.05.10"]
[SourceQuality "1"]

1. d4 Nf6 2. c4 Nc6 3. Nf3 e6 4. g3 d5 5. cxd5 exd5 6. Bg2 Bf5 7. a3 Qd7 8. Nc3 Ne4 9. Qb3 Na5 10. Qxd5 Qxd5 11. Nxd5 0-0-0 12. Ne3 Bg6 13. Ne5 Nb3 14. Nxg6 hxg6 15. Rb1 Rxd4 16. 0-0 Bc5 17. Bxe4 Rxe4 18. Rd1 Nxc1 19. Rbxc1 Bxe3 20. fxe3 Rxe3 21. Rc2 f5 22. Rd4 g5 23. Rcd2 Re7 24. Rd5 g6 25. R5d4 Reh7 26. e4 f4 27. gxf4 gxf4 28. e5 g5 29. e6 Re7 30. Re4 Rhe8 31. Rde2 f3 32. R2e3 Rf8 33. Kf2 Rh7 34. Rxf3 Rxh2+ 35. Kg3 Rxf3+ 36. Kxh2 Kd8 37. Kg2 Rb3 38. e7+ Ke8 39. Re2 c5 40. Kf2 g4 41. Kg2 b5 42. Kf2 c4 43. Kg2 a5 0-1

[Event "Bucharest TIT (Women)"]
[Site "Bucharest"]
[Date "1999.03.11"]
[Round "8"]
[White "Barasiant, Mariana"]
[Black "Bogza, Oana"]
[Result "1-0"]
[WhiteElo "2057"]
[BlackElo "2153"]
[PlyCount "79"]
[EventDate "1999.03.04"]
[EventType "tourn"]
[EventRounds "15"]
[EventCountry "ROU"]
[SourceTitle "CBM 069 Extra"]
[Source "ChessBase"]
[SourceDate "1999.05.10"]
[SourceVersion "1"]
[SourceVersionDate "1999.05.10"]
[SourceQuality "1"]

1. d4 c5 2. d5 g6 3. c4 d6 4. Nc3 Bg7 5. e4 Nf6 6. Nf3 0-0 7. Be2 e6 8. 0-0 exd5 9. cxd5 a6 10. a4 Re8 11. Qc2 Qc7 12. Re1 Bg4 13. h3 Bxf3 14. Bxf3 Nbd7 15. Be2 Rab8 16. Bd2 Nf8 17. a5 Re7 18. Bd3 Rbe8 19. Qa4 N8d7 20. Rac1 Ne5 21. Bb1 b5 22. axb6 Qxb6 23. Nd1 Qb5 24. Qc2 Nxd5 25. Nc3 Nxc3 26. Bxc3 Rb7 27. Rcd1 Rd7 28. Rd5 Nc6 29. Red1 Red8 30. Bxg7 Kxg7 31. Qc3+ f6 32. Bd3 Qb6 33. Bc4 Nb4 34. R5d2 Qb7 35. Be6 Re7 36. Rxd6 Rxd6 37. Rxd6 Qxe4 38. Qxc5 Nd3 39. Rxd3 Qxe6 40. Re3 1-0

[Event "Bucharest TIT (Women)"]
[Site "Bucharest"]
[Date "1999.03.07"]
[Round "4"]
[White "Barasiant, Mariana"]
[Black "Partac, Elena"]
[Result "1/2-1/2"]
[WhiteElo "2057"]
[BlackElo "2088"]
[PlyCount "35"]
[EventDate "1999.03.04"]
[EventType "tourn"]
[EventRounds "15"]
[EventCountry "ROU"]
[SourceTitle "CBM 069 Extra"]
[Source "ChessBase"]
[SourceDate "1999.05.10"]
[SourceVersion "1"]
[SourceVersionDate "1999.05.10"]
[SourceQuality "1"]

1. d4 c5 2. d5 e5 3. e4 d6 4. Nf3 g6 5. Be2 Bg7 6. 0-0 Ne7 7. Be3 0-0 8. Ne1 f5 9. f3 Nd7 10. Nd2 Nf6 11. a3 h6 12. c4 g5 13. exf5 Nxf5 14. Bf2 Nd4 15. Nc2 Bf5 16. Nxd4 exd4 17. Qb3 Nd7 18. Bg3 1/2-1/2

[Event "Deva tt"]
[Site "Deva"]
[Date "1999.??.??"]
[Round "9"]
[White "Barasiant, Mariana"]
[Black "Serdean, Pavel Dorin"]
[Result "0-1"]
[WhiteElo "2070"]
[BlackElo "2223"]
[PlyCount "76"]
[EventDate "1999.07.??"]
[EventType "team"]
[EventRounds "9"]
[EventCountry "ROU"]
[SourceTitle "EXT 2004"]
[Source "ChessBase"]
[SourceDate "2003.11.25"]
[SourceVersion "1"]
[SourceVersionDate "2003.11.25"]
[SourceQuality "1"]

1. d4 c5 2. d5 e5 3. e4 d6 4. f4 exf4 5. Bxf4 Nf6 6. Nd2 Qe7 7. Qe2 b6 8. Ngf3 Nh5 9. Bg5 f6 10. Bh4 Nf4 11. Qb5+ Kf7 12. Qb3 Nd7 13. Bg3 Nh5 14. Bf2 g5 15. Be2 Nf4 16. Kf1 Nxe2 17. Kxe2 f5 18. Kf1 f4 19. Re1 Bg7 20. c3 Bf6 21. h3 h5 22. Nc4 Ba6 23. Qa4 Bxc4+ 24. Qxc4 g4 25. Nd2 Ne5 26. Qe2 b5 27. b3 a6 28. a4 bxa4 29. bxa4 Bg5 30. Nc4 g3 31. Bg1 Kg6 32. Nxe5+ Qxe5 33. Qd3 Rhb8 34. Rb1 Rxb1+ 35. Qxb1 Re8 36. a5 Qxe4 37. Qxe4+ Rxe4 38. h4 Bf6 0-1

[Event "Deva tt"]
[Site "Deva"]
[Date "1999.??.??"]
[Round "?"]
[White "Dragomirescu, Angela"]
[Black "Barasiant, Mariana"]
[Result "1-0"]
[WhiteElo "2145"]
[BlackElo "2070"]
[PlyCount "51"]
[EventDate "1999.07.??"]
[EventType "team"]
[EventRounds "9"]
[EventCountry "ROU"]
[SourceTitle "EXT 2004"]
[Source "ChessBase"]
[SourceDate "2003.11.25"]
[SourceVersion "1"]
[SourceVersionDate "2003.11.25"]
[SourceQuality "1"]

1. d4 d5 2. Nf3 e6 3. Bg5 Be7 4. Bxe7 Qxe7 5. c3 Nf6 6. Nbd2 0-0 7. e3 Nbd7 8. Ne5 Nxe5 9. dxe5 Nd7 10. Nf3 c5 11. Bd3 Rd8 12. Bc2 b6 13. Qd3 Nf8 14. h4 c4 15. Qd4 b5 16. Rh3 b4 17. Rg3 bxc3 18. bxc3 Qa3 19. Kd2 Rb8 20. h5 Nd7 21. Qg4 Qf8 22. Qf4 Rb2 23. Ng5 g6 24. Nxh7 Kxh7 25. hxg6+ fxg6 26. Rh1+ 1-0